000 01962nam0a2200361 4500
001 RU\NLR\bibl\1490416
005 20250616012535.0
021 _aRU
_b2010-6945
_9452
035 _a(NLR Aleph) 001481991
090 _a1709362
_c1709362
100 _a20100205d2007 |||y0rusy50 ca
101 0 _arus
102 _aRU
105 _aa |||||||||
200 1 _aБестраншейные технологии строительства и реконструкции подземных трубопроводов
_eучебное пособие
_fВ.И. Васильев, И.В. Антоненко
_gМ-во образования и науки Рос. Федерации, Федер. агентство по образованию, Юж.-Урал. гос. ун-т, Каф. "Водоснабжение и водоотведение"
210 _aЧелябинск
_cИзд-во ЮУрГУ
_d2007
215 _a117, [1] с.
_cил.
_d21
320 _aБиблиогр.: с. 93-94 (25 назв.)
606 1 _aГородские подземные сети
_jУчебные издания для высших учебных заведений
_xСтроительство
_xБестраншейные методы
_92442159
_3RU\NLR\auth\661452761
606 1 _aГородские подземные сети
_jУчебные издания для высших учебных заведений
_xРемонт
_xБестраншейные методы
_92442160
_3RU\NLR\auth\661452762
686 _aН761-061я73-1
_2rubbk
686 _aН761-091я73-1
_2rubbk
686 _aН76-06я73-1
686 _aН76-083я73-1
700 1 _aВасильев
_bВ. И.
_gВиктор Иванович
_4070
701 1 _aАнтоненко
_bИ. В.
_gИрина Владимировна
_4070
801 0 _aRU
_bRuMoRGB
_c20100205
_grcr
801 1 _aRU
_bRuMoRGB
_c20100205
801 2 _aRU
_bNLR
_c20100325
_grcr
942 _cBOOK
980 _aNB
980 _aNBR